00333nam a22001097a 450000500170000000800410001702200150005824501050007326000160017830000180019471000110021220230711110820.0190214b ||||| |||| 00| 0 eng d a9993625000 aEducational Innovation and practice ;ba biannual journal of Samtse College of education Vol 1. No.3 cAutumn 2018 a92 p.c24 cm. aKinley